00799nam a2200217Ii 45000010005000000030009000050080041000140400033000550410008000880840011000961000030001072450085001372640061002223000012002833360026002953370028003213380027003499400050003769990017004269520138004437615CO-ViMGA241108s9999||||xx |||||||||||||| ||und|| aCO-ViMGAbspaerdacCO-ViMGA0 aunk aB-G2161 aCarlos Morla Lynch95387610aEn españa con Federico García Lorca :bPaginas de un diario intimo 1928-1936 1a[Lugar de publicación no identificado] : Aguilar, 1958 avolumen atextbtxt2rdacontent aunmediatedbn2rdamedia avolumebnc2rdacarrier aidficha_siabuc: 7440. -- ficha_no_siabuc:7615 c50666d50666 001040708001aMEVIGERRbMEVIGERRcGENd2006-11-27hVol.1oB-G216pECA7659r2024-11-26 10:02:07tEj.1w2024-11-26yBKz7440 | 10472